Conceptos y numeración en la educación infantil
محفوظ في:
| المؤلف الرئيسي: | |
|---|---|
| التنسيق: | كتاب |
| اللغة: | الإسبانية |
| منشور في: |
Madrid
Síntesis
1989
|
| سلاسل: | Colección Aplicación en el Aula, 4
|
| الموضوعات: | |
| الوسوم: |
إضافة وسم
لا توجد وسوم, كن أول من يضع وسما على هذه التسجيلة!
|
MARC
| LEADER | 00000nam a2200000 a 4500 | ||
|---|---|---|---|
| 001 | UCO7774 | ||
| 003 | CL-VaPUC | ||
| 008 | 001124e19890000SP |||||||||||||||||spa|d | ||
| 020 | |a 8477380716 | ||
| 082 | 0 | 4 | |a 372.7 |b MAZ |2 21 |
| 100 | |a Maza Gómez, Carlos |e autor |9 452502 | ||
| 245 | 1 | 0 | |a Conceptos y numeración en la educación infantil |
| 300 | |a 205 p | ||
| 942 | |c BK | ||
| 945 | |d 20001124 00:00:00 |a rbrito | ||
| 260 | |a Madrid |b Síntesis |c 1989 | ||
| 650 | 0 | |a Matemáticas |x Enseñanza |9 875527 | |
| 650 | 0 | |a Educación básica |9 224933 | |
| 650 | 0 | |a Métodos de enseñanza |9 270413 | |
| 650 | 0 | |a Conjuntos |9 342214 | |
| 583 | |a last modification |c 20001124 00:00:00 |k Rodrigo Vera | ||
| 490 | 0 | |a Colección Aplicación en el Aula, 4 | |
| 999 | |c 292652 |d 292650 | ||
| 952 | |0 0 |1 0 |4 0 |6 372_700000000000000_MAZ_1989 |7 0 |8 A |9 343693 |a BIBEDU |b BIBEDU |d 2019-11-20 |i 3660974 |o 372.7 MAZ 1989 |p 3660974 |r 2019-11-20 |w 2019-11-20 |y BK |k BME | ||
| 952 | |0 0 |1 0 |4 0 |6 372_700000000000000_MAZ_1989 |7 0 |8 A |9 343694 |a BIBEDU |b BIBEDU |d 2019-11-20 |i 4047923 |o 372.7 MAZ 1989 |p 4047923 |r 2019-11-20 |w 2019-11-20 |y BK |k EPE | ||